The Cistercians in Denmark : their attitudes, roles, and functions in medieval society /

Bibliographic Details
Main Author: McGuire, Brian Patrick
Format: Book
Language:English
Published: Kalamazoo, Mich. : Cistercian Publications, 1982.
Series:Cistercian studies series ; no. 35.
Subjects:

MARC

Tag First Indicator Second Indicator Subfields
LEADER 00000pam a2200000 a 4500
001 in00000097582
005 20150924085248.0
008 810420s1982 miua b 00110 eng
010 |a  81006123  
020 |a 0879078359 
035 |a (OCoLC)07464602 
035 |9 AAK9206AM 
039 0 |a 2  |b 3  |c 3  |d 3  |e 3 
040 |a DLC  |c DLC  |d TXA  |d UtOrBLW 
043 |a e-dk--- 
049 |a TXAM  |c [1806271] 
050 0 0 |a BX3443 D4  |b  M37 1982 
082 0 |a 271/.12/0489  |2 19 
100 1 |a McGuire, Brian Patrick. 
245 1 4 |a The Cistercians in Denmark :  |b their attitudes, roles, and functions in medieval society /  |c by Brian Patrick McGuire. 
264 1 |a Kalamazoo, Mich. :  |b Cistercian Publications,  |c 1982. 
300 |a xiv, 421 pages :  |b illustrations ;  |c 22 cm. 
336 |a text  |b txt  |2 rdacontent 
337 |a unmediated  |b n  |2 rdamedia 
338 |a volume  |b nc  |2 rdacarrier 
490 1 |a Cistercian studies series ;  |v no. 35 
500 |a Includes index. 
504 |a Bibliography: pages 343-354. 
610 2 0 |a Cistercians  |z Denmark  |x History. 
830 0 |a Cistercian studies series ;  |v no. 35. 
999 |a MARS 
999 f f |s 0fa9a616-f4d1-340d-89fa-1edddd4ea407  |i df9912ef-caee-3c8e-b55f-41c0d964bc5f  |t 0 
952 f f |p normal  |a Texas A&M University  |b College Station  |c Sterling C. Evans Library  |d Evans: Library Stacks  |t 0  |e BX3443 D4 M37 1982  |h Library of Congress classification  |i unmediated -- volume  |m A14806020194 
998 f f |a BX3443 D4 M37 1982  |t 0  |l Evans: Library Stacks